000 00473nam a2200193Ia 4500
005 20250425160840.0
008 250425s9999 xx 000 0 und d
020 _a0853122628
041 _aeng
082 _a628.16
100 _aCOOPER, P.F.
245 0 _aBIOLOGICAL FLUIDISED BED TREATMENT OF WATER AND WASTEWATER
250 _a1ST ED.
260 _aCHICHESTER
260 _aReino Unido
_bELLIS HORWOOD
_c1981
300 _a411
942 _c01
010 _a6760
999 _c197427
_d197427